| 000 | 00381nam a2200157Ia 4500 | ||
|---|---|---|---|
| 008 | 151213s9999 xx 000 0 und d | ||
| 020 | _a014-020557-8 | ||
| 100 | _aE.M.Forster | ||
| 245 |
_aAspect of The Novel _cE.M.Forster |
||
| 260 |
_aLondon _bPenguing Book _c1987 |
||
| 300 | _a5541 p. | ||
| 650 | _aEnglish | ||
| 650 | _aEnglish | ||
| 700 | _aE.M.Forster | ||
| 999 |
_c3315 _d3315 |
||